MESTSKÁ KNIŽNICA GIRALTOVCE  - online katalóg 

Hrajeme pohádky z celého světa (Record no. 23924)

000 -NÁVESTIE
fixed length control field 01384nam a2200397 a 4500
001 - EVIDENČNÉ ČÍSLO ZÁZNAMU - Kontrolné číslo
control field vtls010089149
005 - DÁTUM A ČAS POSLEDNEJ TRANSAKCIE
control field 20250924105457.0
008 - ÚDAJE S PEVNOU DĹŽKOU – VŠEOBECNÉ INFORMÁCIE
fixed length control field 180730s2010 xr a 000 0 cze d
020 ## - MEDZINÁRODNÉ ŠTANDARDNÉ ČÍSLO KNIHY (ISBN)
Medzinárodné štandardné číslo knihy (ISBN) 9788073676957
Qualifying information (brož.)
040 ## - ZDROJ KATALOGIZÁCIE
Pôvodná katalogizujúca agentúra SVKBB
Jazyk katalogizácie slo
Prepisujúca agentúra SVKBB
Konvencie popisu AACR2
041 0# - KÓD JAZYKA
Kód jazyka textu/zvukovej stopy alebo samostatných nápisov cze
044 ## - KÓD KRAJINY VYDAVATEĽA/PRODUCENTA
Kód krajiny MARC xr
Kód krajiny ISO CZ
072 #7 - KÓD PREDMETOVEJ KATEGÓRIE
Kód predmetovej kategórie 792
Pododdiel kódu predmetovej kategórie Divadlo. Divadelné predstavenia
Zdroj konspekt
080 ## - ČÍSLO MEDZINÁRODNÉHO DESATINNÉHO TRIEDENIA (MDT)
Číslo Medzinárodného desatinného triedenia (MDT) 792:37.016
Identifikátor vydania 2001
080 ## - ČÍSLO MEDZINÁRODNÉHO DESATINNÉHO TRIEDENIA (MDT)
Číslo Medzinárodného desatinného triedenia (MDT) 316.346.32-053.5
Identifikátor vydania 2001
080 ## - ČÍSLO MEDZINÁRODNÉHO DESATINNÉHO TRIEDENIA (MDT)
Číslo Medzinárodného desatinného triedenia (MDT) (0:82-34)
Identifikátor vydania 2001
080 ## - ČÍSLO MEDZINÁRODNÉHO DESATINNÉHO TRIEDENIA (MDT)
Číslo Medzinárodného desatinného triedenia (MDT) (0:82-25)
Identifikátor vydania 2001
080 ## - ČÍSLO MEDZINÁRODNÉHO DESATINNÉHO TRIEDENIA (MDT)
Číslo Medzinárodného desatinného triedenia (MDT) (072)
Identifikátor vydania 2001
100 1# - OSOBNÉ MENÁ – VŠEOBECNÉ INFORMÁCIE
Osobné meno Cílková, Eva
-- 4805
245 10 - NÁZOV
Názov Hrajeme pohádky z celého světa
Zvyšok názvu [scenáře pohádkových her pro děti od 5 do 11 let]
Údaj o zodpovednosti atď. Eva Cílková ; ilustrovala Edita Plicková
250 ## - ÚDAJ O PORADÍ VYDANIA
Údaj o poradí vydania Vyd. 1.
260 ## - VYDAVATEĽSKÉ ÚDAJE, DISTRIBÚCIA ATĎ.
Miesto publikovania, distribúcie atď. Praha
Názov vydavateľa, distibútora atď. Portál
Dátum publikovania, distribúcie atď. 2010
300 ## - FYZICKÝ POPIS
Rozsah 159 s.
Ďalšie fyzické detaily lit.
Rozmery 24 cm
650 07 - PRIDANÝ VSTUP – PREDMET – TEMATICKÉ HESLO
Tematické heslo alebo geografický názov ako vstupný prvok dramatická výchova
Zdroj hesla alebo termínu SNKPH
-- 4806
650 07 - PRIDANÝ VSTUP – PREDMET – TEMATICKÉ HESLO
Tematické heslo alebo geografický názov ako vstupný prvok deti školského veku
Zdroj hesla alebo termínu SNKPH
-- 4807
650 07 - PRIDANÝ VSTUP – PREDMET – TEMATICKÉ HESLO
Tematické heslo alebo geografický názov ako vstupný prvok metodické príručky
Zdroj hesla alebo termínu SNKPH
-- 4808
650 07 - PRIDANÝ VSTUP – PREDMET – TEMATICKÉ HESLO
Tematické heslo alebo geografický názov ako vstupný prvok Fairy tales
Zdroj hesla alebo termínu SNKPHeng
-- 4809
650 07 - PRIDANÝ VSTUP – PREDMET – TEMATICKÉ HESLO
Tematické heslo alebo geografický názov ako vstupný prvok Drama in eduction
Zdroj hesla alebo termínu SNKPHeng
-- 4810
650 07 - PRIDANÝ VSTUP – PREDMET – TEMATICKÉ HESLO
Tematické heslo alebo geografický názov ako vstupný prvok School children
Zdroj hesla alebo termínu SNKPHeng
-- 4811
655 #7 - INDEXAČNÝ TERMÍN – ŽÁNER/FORMA
Údaje o žánri/forme alebo termín, ktorý je prvok fazety Scenarios
Zdroj termínu SNKPHeng
-- 4812
655 #7 - INDEXAČNÝ TERMÍN – ŽÁNER/FORMA
Údaje o žánri/forme alebo termín, ktorý je prvok fazety Methodological manuals
Zdroj termínu SNKPHeng
-- 4813
655 #7 - INDEXAČNÝ TERMÍN – ŽÁNER/FORMA
Údaje o žánri/forme alebo termín, ktorý je prvok fazety rozprávky
Zdroj termínu SNKPH
-- 4361
655 #7 - INDEXAČNÝ TERMÍN – ŽÁNER/FORMA
Údaje o žánri/forme alebo termín, ktorý je prvok fazety scenáre
Zdroj termínu SNKPH
-- 4814
700 1# - PRIDANÝ VSTUP – OSOBNÉ MENO
Osobné meno Plicková, Edita,
Dátumy súvisiace s menom 1940-
Kód roly ill
-- 4815
Holdings
Stav stiahnutia (Blokovanie) (Withrawn status) Stav straty Zdroj klasifikácie pre skladovanie Stav poškodenia (Damaged status) Nie pre výpožičky (Not for loan) Spôsob nadobudnutia (Collection code) Trvalé umiestnenie Aktuálne umiestnenie Dátum nadobudnutia Inventárne číslo (prírastkové číslo) Full call number Čiarový kód Dátum posledného výskytu Cena s účinnosťou od Typ jednotky Koha
          Dar Mestská knižnica Giraltovce Mestská knižnica Giraltovce 2025-09-24 22280 S1578 S1578 2025-09-24 2025-09-24 Odborná literatúra pre dospelých

Powered by Koha